00311pab a2200121 454500008004000000100001800040245006100058260000900119300001500128362001200143650001600155773001800171180718b2017 xxu||||| |||| 00| 0 eng d aD'Souza, Paul aNationalism: beyond sense and belonging to inclusiveness c2017 ap.162-175. aApr-Jun aNationalism aSocial Action